[Event "BRA-ch U16 Girls"]
[Site "Florianopolis"]
[Date "2021.07.04"]
[Round "6"]
[White "Monteiro, Helen Ramazzotte"]
[Black "Brand, Leticia Soethe"]
[Result "0-1"]
[WhiteElo "1308"]
[BlackElo "1494"]
[PlyCount "60"]
[EventDate "2021.07.01"]
[EventType "swiss"]
[EventRounds "6"]
[EventCountry "BRA"]
[SourceTitle "CBM 203 Extra"]
[Source "ChessBase"]
[SourceDate "2021.09.30"]
[SourceVersion "1"]
[SourceVersionDate "2021.09.30"]
[SourceQuality "1"]

1. c4 e5 2. Nc3 Nc6 3. Nf3 g6 4. g3 Bg7 5. Bg2 d6 6. 0-0 f5 7. d3 Nf6 8. a3 0-0 9. Rb1 h6 10. b4 g5 11. e3 Ne7 12. Qc2 Ng6 13. Ne2 Nh7 14. d4 g4 15. Nd2 e4 16. Bb2 Ng5 17. Nf4 Qe8 18. Nh5 Bh8 19. Rbc1 Bd7 20. b5 Rc8 21. a4 Rf7 22. Qb3 Ne7 23. d5 Bxb2 24. Qxb2 Qf8 25. Nf4 h5 26. Nb3 Qh6 27. h3 h4 28. Kh2 Rh7 29. gxh4 Qxh4 30. Qf6 Nf3+ 0-1

[Event "Florianopolis op 7th"]
[Site "Florianopolis"]
[Date "2021.01.20"]
[Round "4"]
[White "Franca, Jairo Jr"]
[Black "Monteiro, Helen Ramazzotte"]
[Result "1-0"]
[WhiteElo "1760"]
[BlackElo "1230"]
[PlyCount "53"]
[EventDate "2021.01.18"]
[EventType "swiss"]
[EventRounds "10"]
[EventCountry "BRA"]
[SourceTitle "CBM 200 Extra"]
[Source "ChessBase"]
[SourceDate "2021.03.31"]
[SourceVersion "1"]
[SourceVersionDate "2021.03.31"]
[SourceQuality "1"]

1. e4 e5 2. f4 d6 3. Nf3 Nc6 4. Bb5 Bd7 5. 0-0 Nf6 6. c3 Be7 7. d4 exd4 8. Qe1 dxc3 9. Nxc3 0-0 10. Kh1 a6 11. Ba4 b5 12. Bc2 Be6 13. Ne2 Re8 14. Be3 a5 15. Rd1 Nb4 16. Bb1 Bxa2 17. Bxa2 Nxa2 18. Ng3 Qc8 19. e5 dxe5 20. fxe5 Nd7 21. Qf2 h6 22. Nf5 Nb8 23. N3d4 Bg5 24. Nxh6+ Bxh6 25. Qxf7+ Kh8 26. Bxh6 gxh6 27. Rf6 1-0

[Event "BRA-ch U14 Girls"]
[Site "Florianopolis"]
[Date "2019.04.18"]
[Round "1"]
[White "Flores, Clarice Soares Leit"]
[Black "Monteiro, Helen Ramazzotte"]
[Result "1/2-1/2"]
[WhiteElo "1497"]
[BlackElo "1161"]
[PlyCount "109"]
[EventDate "2019.04.18"]
[EventType "swiss"]
[EventRounds "6"]
[EventCountry "BRA"]
[SourceTitle "CBM 190 Extra"]
[Source "ChessBase"]
[SourceDate "2019.07.15"]
[SourceVersion "1"]
[SourceVersionDate "2019.07.15"]
[SourceQuality "1"]

1. d4 d5 2. Bf4 Bf5 3. e3 Nf6 4. Nf3 e6 5. c4 c5 6. Nc3 Nbd7 7. cxd5 exd5 8. Qb3 Nb6 9. dxc5 Bxc5 10. Rd1 0-0 11. Bg5 Be7 12. Bxf6 Bxf6 13. Nxd5 Nxd5 14. Qxd5 Qxd5 15. Rxd5 Be4 16. Rd2 Rfc8 17. Be2 Rc1+ 18. Bd1 Rb1 19. 0-0 Rxb2 20. Rxb2 Bxb2 21. Be2 Rc8 22. Rd1 h6 23. h3 Rc1 24. Rxc1 Bxc1 25. Nd4 Kf8 26. Kf1 Ke7 27. Bf3 Bd3+ 28. Be2 Be4 29. Nb3 Ba3 30. f3 Bd5 31. e4 Be6 32. f4 Kd6 33. Bf3 Kc7 34. f5 Bd7 35. Ke2 Kd6 36. Kd3 Bb5+ 37. Kd4 Bb2+ 38. Ke3 Bc3 39. Nd4 Bc4 40. Nb3 Ke5 41. g4 a5 42. Be2 Bxe2 43. Kxe2 Kxe4 44. Nc5+ Kf4 45. Nxb7 Kg3 46. Nd6 Kxh3 47. Ne4 Bb4 48. Kf3 Kh4 49. Nf2 Bc5 50. Nd3 Bb4 51. Ne5 f6 52. Nd3 h5 53. gxh5 Kxh5 54. Ke4 Kg4 55. Nf4 1/2-1/2